000 00593nam a22001937a 4500
999 _c8072
_d8072
003 AR-CdUCM
008 190322b ||||| |||| 00| 0 spa d
040 _aMUNICIPALIDAD PROVINCIAL DEL CUSCO
_cBIBLIOTECA MUNICIPAL DEL CUSCO
082 _a600 /
_bS46
100 _aSell, Lewis L.
_922793
245 _aDiccionario técnico /
260 _aLondon :
_bHILL BOOK,
_c1959.
300 _a1079 paginas
_c27 cm.
505 _aContenido :Diccionario técnico de ciencias aplicadas
650 _aDiccionario
_95196
650 _aCiencias aplicadas
_920077
942 _2ddc
_cLIBROS
945 _arjall